Safest Countries - Statistics

General Stats
  • This quiz has been taken 63 times
  • The average score is 15 of 20
Answer Stats
Hint Answer % Correct
1.502 Sweden
93%
1.372 Canada
92%
1.506 Finland
92%
1.096 Iceland
92%
1.519 Norway
92%
1.407 Switzerland
92%
1.353 Denmark
90%
1.192 New Zealand
89%
1.435 Australia
85%
1.274 Austria
84%
1.391 Japan
84%
1.531 Germany
80%
1.393 Ireland
79%
1.382 Singapore
72%
1.396 Slovenia
69%
1.381 Czech Republic
64%
1.318 Portugal
56%
1.531 Hungary
51%
1.545 Bhutan
21%
1.548 Mauritius
16%
No matching quizzes found
Score Distribution
Percent of People with Each Score
Percentile by Number Answered
Your Score History
You have not taken this quiz